000 00402nam a2200169Ia 4500
008 230524s9999 xx 000 0 und d
020 _a0070447055
082 _a621.38219
_bMIT
100 _aSanjit K.Mitra
245 0 _aDigital Signal Processing
250 _a3RD
260 _aNEW DELHI
_bTMH
_c2006
300 _aXIII;961
500 _aQuantity Number: 6
650 _aElectronics
942 _cBK
999 _c8377
_d8377